International monetary fund : changing role (Record no. 188367)

MARC details
000 -LEADER
fixed length control field 00435nam a2200157Ia 4500
005 - DATE AND TIME OF LATEST TRANSACTION
control field 20250417132220.0
008 - FIXED-LENGTH DATA ELEMENTS--GENERAL INFORMATION
fixed length control field 231217s9999 xx 000 0 und d
020 ## - INTERNATIONAL STANDARD BOOK NUMBER
International Standard Book Number 9788131408834
082 ## - DEWEY DECIMAL CLASSIFICATION NUMBER
Classification number 332.152 PRA;1 R
100 ## - MAIN ENTRY--PERSONAL NAME
Personal name Pramod, Rao. Sen, Simantee ed.
245 #0 - TITLE STATEMENT
Title International monetary fund : changing role
260 ## - PUBLICATION, DISTRIBUTION, ETC. (IMPRINT)
Date of publication, distribution, etc. 2007
Name of publisher, distributor, etc. Icfai
Place of publication, distribution, etc. Hyderabad
300 ## - PHYSICAL DESCRIPTION
Extent x, 190
650 ## - SUBJECT ADDED ENTRY--TOPICAL TERM
Topical term or geographic name as entry element monetary,fund,changing,role
942 ## - ADDED ENTRY ELEMENTS (KOHA)
Koha item type Books
Holdings
Date last seen Total Checkouts Full call number Accession number Old discount Cost, replacement price Price effective from Category Public note Lost status Damaged status Department Withdrawn status bill no. bill date Permanent Location Current Location Shelving location Entry date Vendor Cost, normal purchase price Grants Currency symbol Conversion rate Discount Discount type
26/01/2024   332.152 PRA;1 R 64820   38.00 26/01/2024 Books 64820     Central Library   1993 25/02/2014 Central Library Central Library Central Library 25/08/2010 ICFAI Press 38.00 MBA RS 1   Rupees
26/01/2024   332.152 PRA;2 R1 64821   38.00 26/01/2024 Books 64821     Central Library   1993 25/02/2014 Central Library Central Library Central Library 25/08/2010 ICFAI Press 38.00 MBA RS 1   Rupees
26/01/2024   332.152 PRA;3 66789   38.00 26/01/2024 Books 66789     Central Library   1993 27/11/2014 Central Library Central Library Central Library 02/11/2010 ICFAI Press 38.00 MBA RS 1   Rupees
26/01/2024   332.152 PRA;4 66790   38.00 26/01/2024 Books 66790     Central Library   1993 27/11/2014 Central Library Central Library Central Library 02/11/2010 ICFAI Press 38.00 MBA RS 1   Rupees

© For any Suggestions or Query, please contact the library staff @ librarian@pes.edu or Phone: +9180 2672 1983/ 2108.